000 01029cam a2200301 i 4500
001 22633
003 Mx-PuUPA
005 20260128210619.0
008 140415s2023 mx gr 000 0 spa d
020 _a9786073827195
040 _aMx-PuUPA
_bspa
_cMx-PuUPA
_dMx-PuUPA
_erda
041 0 _aspa
100 1 _aStamateas, Bernardo,
_917759
_eautor
245 1 0 _aLiderazgo exitoso :
_bideas para alcanzar tu máximo potencial /
_cBernardo Stamateas
250 _aPrimera edición /
_bmarzo
264 1 _aCiudad de México :
_bPenguin Random House Grupo Editorial,
_c2023
300 _a235 páginas ;
_c24 cm
336 _2rdacontent
_atexto
_btxt
337 _2rdamedia
_asin medio
_bn
338 _2rdacarrier
_avolumen
_bnc
500 _a"El nuevo libro del bestseller mundial de la autoayuda".-- Cubierta
650 7 _2armarc
_aAdministración
650 7 _2armarc
_aAptitud de mando
650 7 _2armarc
_aLiderazgo
942 _2ddc
_cLI
_h658.4092
_iS77
999 _c22633
_d22633